La educación en el plano internacional /
Guardado en:
| Formato: | Libro |
|---|---|
| Publicado: |
Madrid :
Departamento de información y Publicaciones de la Oei,
1960
|
| Etiquetas: |
Agregar Etiqueta
Sin Etiquetas, Sea el primero en etiquetar este registro!
|
| LEADER | 00412nam a22001335a 4500 | ||
|---|---|---|---|
| 001 | CEM.cems004737 | ||
| 005 | 20060217000000.0 | ||
| 008 | 130507s1960##################000#0#####d | ||
| 003 | CEMS | ||
| 082 | 0 | 4 | |a 370 |
| 245 | 0 | 0 | |a La educación en el plano internacional / |
| 260 | |a Madrid : |b Departamento de información y Publicaciones de la Oei, |c 1960 | ||
| 300 | |a 196 p. | ||
| 859 | |a CEMS |b BIB. CEMS - 11 de abril |h 370 |i Of1 |p 5700.76 |t Ej.1 | ||
